Parallele e convergenti L’Unione europea tra costituzione e potenza civile /

Detalles Bibliográficos
Autor principal: Gallotta, Giulia Maria
Formato: eBook
Lenguaje:italiano
Publicado: Bari : Cacucci Editore, 2013
Materias:
Acceso en línea:Acceso restringido

MARC

LEADER 00000nam a22000007a 4500
005 20140129180315.0
007 cr|||| ||||
008 140129s2013 it |||||s|||| 00||0 ita d
020 |a 978-88-6611-326-3 
035 |a 11773 
040 |a vLex 
090 |c 4694  |d 4694 
100 1 |a Gallotta, Giulia Maria 
245 1 0 |a Parallele e convergenti  |h [Recurso electrn̤ico] :  |b L’Unione europea tra costituzione e potenza civile /  |c Giulia Maria Gallotta  
256 |a Servicio en ln̕ea 
260 |a Bari :  |b Cacucci Editore,   |c 2013 
300 |a 1 recurso electrn̤ico 
506 1 |a Contenido disponible en los productos indicados  |d vLex Global  |d vLex Global (Academic Edition, excluding Law Schools)  |d vLex Global (U.S. Academic Edition, Law Schools)  |d vLex Global (U.S. Academic Edition, excluding Law Schools)  |d vLex Global (Academic Edition, Law Schools) 
650 0 4 |a Derecho civil  |z Italia 
650 0 4 |a Derecho comunitario 
740 0 |a vLex Libros (Servicio en ln̕ea) 
856 4 0 |u http://vlex.com/source/parallele-e-convergenti-l-unione-europea-tra-costituzione-e-potenza-civile-11773  |z Acceso restringido 
942 |c BOOK 
999 0 |a Civil Law 
999 0 |a Law - European Union countries